Statistiken für Die 10 längsten Achterbahnen Deutschlands im Jahr 1990

Klicken Sie hier um das Quiz zu spielen!

Allgemein

  • Dieses Quiz wurde 4 mal gespielt
  • Das Durchschnittsergebnis liegt bei 4 aus 10

Antwortstatistiken

PlatzAchterbahnLänge in m% Korrekt
8Nessie741,0
75%
9Super Wirbel731,0
75%
10Big Loop706,0
50%
5Eurosat922,0
50%
2Space Center1174,0
50%
3Dreier Looping1049,7
25%
4Gebirgsbahn979,9
25%
1Olympia Looping1250,0
25%
6Alpina Bahn910,0
0%
7Traumlandbahn850,0
0%

Verteilung der Resultate

Perzentil nach korrekt beantworteten Fragen

Anzahl Personen mit jedem Resultat

Ihre Resultats-Entwicklung

Sie haben dieses Quiz noch nicht gespielt